<?xml version="1.0" encoding="UTF-8"?>
<collection xmlns="http://www.loc.gov/MARC21/slim">
 <record>
  <leader>02030nam a22002537a 4500</leader>
  <controlfield tag="001">NCT_67111</controlfield>
  <controlfield tag="008">190820b        xxu||||| |||| 00| 0 vie d</controlfield>
  <datafield tag="999" ind1=" " ind2=" ">
   <subfield code="c">3241</subfield>
   <subfield code="d">3241</subfield>
  </datafield>
  <datafield tag="020" ind1=" " ind2=" ">
   <subfield code="a">9786049345227</subfield>
   <subfield code="c">98000</subfield>
  </datafield>
  <datafield tag="082" ind1="0" ind2="4">
   <subfield code="2">23rd ed.</subfield>
   <subfield code="a">346.022</subfield>
   <subfield code="b">H116</subfield>
  </datafield>
  <datafield tag="110" ind1="1" ind2=" ">
   <subfield code="a">UNIDROIT</subfield>
  </datafield>
  <datafield tag="245" ind1="0" ind2="0">
   <subfield code="a">Bộ nguyên tắc UNIDROIT về hợp đồng thương mại quốc tế 2004</subfield>
   <subfield code="c">UNIDROIT</subfield>
  </datafield>
  <datafield tag="260" ind1=" " ind2=" ">
   <subfield code="a">H.</subfield>
   <subfield code="b">Đại học Quốc gia Hà Nội</subfield>
   <subfield code="c">2014</subfield>
  </datafield>
  <datafield tag="300" ind1=" " ind2=" ">
   <subfield code="a">537 tr. </subfield>
   <subfield code="c">24cm</subfield>
  </datafield>
  <datafield tag="520" ind1="3" ind2=" ">
   <subfield code="a">Bộ nguyên tắc UNIDROIT được trình bày như một bộ luật gồm các chương, mục và các điều khoản, được bố cục thành 10 chương, đề cập đến hầu như tất cả các vấn đề pháp lý trong quá trình giao kết và thực hiện hợp đồng thương mại quốc tế; ngoài ra, sau mỗi điều khoản đều có bình luận và các ví dụ minh họa để thuận tiện cho việc tra cứu và áp dụng.</subfield>
  </datafield>
  <datafield tag="653" ind1=" " ind2=" ">
   <subfield code="a">Luật học</subfield>
  </datafield>
  <datafield tag="700" ind1="1" ind2=" ">
   <subfield code="a">Nguyễn Minh Hằng</subfield>
   <subfield code="e">Dịch</subfield>
  </datafield>
  <datafield tag="942" ind1=" " ind2=" ">
   <subfield code="2">ddc</subfield>
   <subfield code="c">BK</subfield>
  </datafield>
  <datafield tag="952" ind1=" " ind2=" ">
   <subfield code="0">0</subfield>
   <subfield code="1">0</subfield>
   <subfield code="2">ddc</subfield>
   <subfield code="4">0</subfield>
   <subfield code="6">346_022000000000000_H116</subfield>
   <subfield code="7">0</subfield>
   <subfield code="9">17477</subfield>
   <subfield code="a">000001</subfield>
   <subfield code="b">000001</subfield>
   <subfield code="d">2019-08-20</subfield>
   <subfield code="o">346.022 H116</subfield>
   <subfield code="p">MD.15490</subfield>
   <subfield code="r">2019-08-20</subfield>
   <subfield code="v">98000.00</subfield>
   <subfield code="w">2019-08-20</subfield>
   <subfield code="y">BK</subfield>
  </datafield>
  <datafield tag="952" ind1=" " ind2=" ">
   <subfield code="0">0</subfield>
   <subfield code="1">0</subfield>
   <subfield code="2">ddc</subfield>
   <subfield code="4">0</subfield>
   <subfield code="6">346_022000000000000_H116</subfield>
   <subfield code="7">0</subfield>
   <subfield code="9">17478</subfield>
   <subfield code="a">000001</subfield>
   <subfield code="b">000001</subfield>
   <subfield code="d">2019-08-20</subfield>
   <subfield code="o">346.022 H116</subfield>
   <subfield code="p">MD.15491</subfield>
   <subfield code="r">2019-08-20</subfield>
   <subfield code="v">98000.00</subfield>
   <subfield code="w">2019-08-20</subfield>
   <subfield code="y">BK</subfield>
  </datafield>
  <datafield tag="952" ind1=" " ind2=" ">
   <subfield code="0">0</subfield>
   <subfield code="1">0</subfield>
   <subfield code="2">ddc</subfield>
   <subfield code="4">0</subfield>
   <subfield code="6">346_022000000000000_H116</subfield>
   <subfield code="7">0</subfield>
   <subfield code="9">17479</subfield>
   <subfield code="a">000001</subfield>
   <subfield code="b">000001</subfield>
   <subfield code="d">2019-08-20</subfield>
   <subfield code="l">1</subfield>
   <subfield code="o">346.022 H116</subfield>
   <subfield code="p">MD.15492</subfield>
   <subfield code="r">2020-06-06</subfield>
   <subfield code="s">2020-05-26</subfield>
   <subfield code="v">98000.00</subfield>
   <subfield code="w">2019-08-20</subfield>
   <subfield code="y">BK</subfield>
  </datafield>
  <datafield tag="952" ind1=" " ind2=" ">
   <subfield code="0">0</subfield>
   <subfield code="1">0</subfield>
   <subfield code="2">ddc</subfield>
   <subfield code="4">0</subfield>
   <subfield code="6">346_022000000000000_H116</subfield>
   <subfield code="7">0</subfield>
   <subfield code="9">17480</subfield>
   <subfield code="a">000001</subfield>
   <subfield code="b">000001</subfield>
   <subfield code="d">2019-08-20</subfield>
   <subfield code="l">1</subfield>
   <subfield code="o">346.022 H116</subfield>
   <subfield code="p">MD.15493</subfield>
   <subfield code="r">2020-03-18</subfield>
   <subfield code="s">2020-03-04</subfield>
   <subfield code="v">98000.00</subfield>
   <subfield code="w">2019-08-20</subfield>
   <subfield code="y">BK</subfield>
  </datafield>
  <datafield tag="952" ind1=" " ind2=" ">
   <subfield code="0">0</subfield>
   <subfield code="1">0</subfield>
   <subfield code="2">ddc</subfield>
   <subfield code="4">0</subfield>
   <subfield code="6">346_022000000000000_H116</subfield>
   <subfield code="7">0</subfield>
   <subfield code="9">17481</subfield>
   <subfield code="a">000001</subfield>
   <subfield code="b">000001</subfield>
   <subfield code="d">2019-08-20</subfield>
   <subfield code="l">1</subfield>
   <subfield code="o">346.022 H116</subfield>
   <subfield code="p">MD.15494</subfield>
   <subfield code="r">2021-01-18</subfield>
   <subfield code="s">2021-01-11</subfield>
   <subfield code="v">98000.00</subfield>
   <subfield code="w">2019-08-20</subfield>
   <subfield code="y">BK</subfield>
  </datafield>
  <datafield tag="980" ind1=" " ind2=" ">
   <subfield code="a">Thư viện Trường Đại học Nam Cần Thơ</subfield>
  </datafield>
 </record>
</collection>
